Normal view
MARC view
- Time-Life Books.
Entry Personal Name
001 - CONTROL NUMBER
- control field: 54416
003 - CONTROL NUMBER IDENTIFIER
- control field: OSt
005 - DATE AND TIME OF LATEST TRANSACTION
- control field: 20240313083200.0
008 - FIXED-LENGTH DATA ELEMENTS
- fixed length control field: 240313|| aca||aabn | a|a d
040 ## - CATALOGING SOURCE
- Original cataloging agency: OSt
- Transcribing agency: OSt
100 ## - HEADING--PERSONAL NAME
- Personal name: Time-Life Books.
670 ## - SOURCE DATA FOUND
- Source citation: Work cat.: (OSt): Time-Life Books., Quick workouts :, ©1987.
